Forging new relationships among business
محفوظ في:
| المؤلف الرئيسي: | |
|---|---|
| التنسيق: | كتاب |
| اللغة: | Undetermined |
| منشور في: |
JAI Press
Greenwich, Conn
1986
|
| الموضوعات: | |
| الوسوم: |
إضافة وسم
لا توجد وسوم, كن أول من يضع وسما على هذه التسجيلة!
|
| Thư viện lưu trữ: | Trung tâm Học liệu Trường Đại học Cần Thơ |
|---|
| LEADER | 00555nam a2200181Ia 4500 | ||
|---|---|---|---|
| 001 | CTU_79077 | ||
| 008 | 210402s9999 xx 000 0 und d | ||
| 082 | |a 338.973 | ||
| 082 | |b T513 | ||
| 100 | |a Thornton, Robert J. | ||
| 245 | 0 | |a Forging new relationships among business | |
| 245 | 0 | |c Robert J. Thornton, J. Richard Aronson | |
| 260 | |a JAI Press | ||
| 260 | |b Greenwich, Conn | ||
| 260 | |c 1986 | ||
| 650 | |a Industrial policy,Industrial Relations | ||
| 650 | |z United States,United States | ||
| 980 | |a Trung tâm Học liệu Trường Đại học Cần Thơ | ||